[Event "Ubeda"]
[Site "Ubeda"]
[Date "1997.02.08"]
[Round "2"]
[White "Beliavsky, Alexander G"]
[Black "Almasi, Zoltan"]
[Result "1/2-1/2"]
[WhiteElo "2665"]
[BlackElo "2595"]
[Annotator "Beliavsky,A"]
[PlyCount "116"]
[EventDate "1997.02.07"]
[EventType "tourn"]
[EventRounds "11"]
[EventCountry "ESP"]
[EventCategory "16"]
[SourceTitle "CBM 058"]
[Source "ChessBase"]
[SourceDate "1997.06.01"]
[SourceVersion "1"]
[SourceVersionDate "1997.06.01"]
[SourceQuality "1"]

1. d4 {Ribli} Nf6 2. c4 e6 3. g3 d5 4. Nf3 Be7 5. Bg2 O-O 6. O-O dxc4 7. Qc2 a6
8. a4 Bd7 9. Qxc4 Bc6 10. Bg5 Bd5 (10... a5 11. Nc3 Na6 12. Bxf6 $1 Bxf6 13. e4
Nb4 14. Rfd1 b6 15. Ne1 g6 16. e5 Bxg2 17. Kxg2 Bg7 18. Nf3 $14) 11. Qd3 Be4 $1
(11... c5 12. Nc3 Bc6 13. Rfd1 cxd4 14. Nxd4 Bxg2 15. Kxg2 Qa5 (15... Nbd7 $5 {
Ribli}) 16. Bxf6 Bxf6 17. Ne4 Bxd4 18. Qxd4 Nc6 19. Qc5 Rac8 20. Qxa5 Nxa5 21.
Nd6 Rc2 22. b4 Nc4 23. Nxb7 Rxe2 24. Nc5 a5 25. Rdc1 Nd6 26. bxa5 Ra8 27. Rab1
g5 28. a6 g4 29. Rb4 h5 30. Rcb1 Kg7 31. Rb8 Ra7 32. R8b7 Ra8 33. Rb8 Ra7 34.
Kf1 Re5 35. Rc1 Ne4 36. Rb7 Rxc5 37. Rxc5 Rxa6 38. Rcc7 Ng5 39. Rb5 Kg6 40. a5
Rd6 41. Rc1 {1-0 Tukmakov,V-Beliavsky,A/Portoroz 1996/EXP 51}) 12. Qe3 {
Das ist wirklich kein so schoener Platz fuer die Dame, aber mit spaeterem 13.
Nc3 und 14.Qd3 kann Weiss einen idealen Figurenaufbau erzielen. In der
Katalanischen Eröffnung hat Weiß zwar nur einen kleinen Vorteil, aber Schwarz
kann nur selten gewinnen. Ribli.} Nbd7 13. Nc3 Bc6 14. Qd3 (14. a5 Nd5 15. Nxd5
Bxg5 16. Nxg5 exd5 17. Rac1 $14) 14... Bb4 {Das ist das ideale Feld für den
schwarzen Läufer. Mit diesem Zug Schwarz verhindert 15.e4.Ribli.} (14... Nd5
15. Bxe7 Qxe7 16. e4 Nxc3 17. bxc3 Rfd8 18. Qe3 $14) 15. Rfe1 (15. Rfd1 $5)
15... Bxf3 (15... h6 16. Bxf6 (16. Bf4 {Ribli} Rc8 17. Qc2 b6 18. e4 Bb7 19.
Rad1 {[%csl Yd4,Ye4,Yf4]} Re8 20. Ne5 Nxe5 21. Bxe5 Nd7 22. Bf4 Qe7 23. Re2 c5
24. d5 $36 {Khalifman,A-Lautier,J/Biel zt/1993/}) 16... Qxf6 17. e4 Rad8 18.
Qe3 $14) 16. Qxf3 c6 {Schwarz hat nur eine etwas passivere Stellung und keine
Schwächen. Das Feld b4 ist ein positioneslles Loch im weißen Lager, aber Weiss
hat Übergewicht im Zentrum.Ribli.} 17. Red1 (17. e4 Qa5 18. e5 Nd5 19. Bd2 Rfd8
$13) 17... Qa5 $1 {Ein aktiver und ruhiger Platz fuer die Dame.Ribli.} 18. h4
h6 19. Bd2 e5 {Schwarz folgt einem guten Plan. Da der weisse Laeufer auf g2
kein gute Zukunft hat wegen den Bauern b7/c6 öffnet Schwarz die Stellung.Ribli.
} 20. Be1 (20. e3 {Ribli} exd4 (20... Rfe8) 21. exd4 Rfe8 $13) 20... Rfe8 21.
e3 (21. e4 exd4 22. Rxd4 Nc5 $13) 21... Rad8 22. Qf5 exd4 23. Qxa5 Bxa5 24.
Rxd4 Nc5 25. Rad1 (25. b4 $2 {Ribli} Rxd4 26. exd4 Nb3 27. Rb1 Bxb4 28. Rxb3
Rxe1+ $19) 25... Rxd4 26. Rxd4 Rd8 (26... Ne6 {Ribli}) 27. b4 (27. Rxd8+ Bxd8
28. Bf1 Ba5 $15) 27... Rxd4 28. exd4 Nd3 29. bxa5 Nxe1 {Weiss hat zwar drei
Bauerninseln und einen Doppelbauer auf der a-Linie, aber der schwarze
Damenflügel ist angreifbar.Ribli.} 30. Bh3 {Nur so! Ohne diesen Läufer steht
Schwarz besser.Ribli.} (30. Bh1 Nd3 31. d5 cxd5 32. Nxd5 Nxd5 33. Bxd5 Nc5 $11)
30... Nf3+ 31. Kg2 Nxd4 32. Bc8 Nc2 (32... Nb3 33. Bxb7 Nxa5 34. Bxa6 $14 Ne4)
33. Na2 (33. Bxb7 Nb4 34. Kf3 Kf8 35. Ne4 (35. Ke3 {Ribli} Ke7 36. Kd4 Kd7 $13)
35... Nxe4 36. Kxe4 Ke7 37. Kd4 Kd6 38. Kc4 c5 39. h5 g5 $13) 33... Nd5 34.
Bxb7 Ncb4 35. Nxb4 Nxb4 36. Kf3 {Weiss hat symbolischen Vorteil, dank seines
aktiven Laeufers. Der junge ungarische Grossmeister hält aber das
Gleichgewicht.Ribli.} Kf8 37. Ke4 Ke7 38. Bc8 (38. Kd4 {Ribli} Kd7) 38... Kd6
39. Kd4 c5+ 40. Kc4 g6 41. Bb7 g5 42. h5 {Weiss gewinnt etwas Raum mit diesem
Zug, aber er kann das nicht nutzen, weil der König im Zentrum oder am
Damenflügel bleiben muß.Ribli.} (42. hxg5 {Ribli} hxg5 $11) 42... f6 43. Bc8
Kc6 44. Bh3 Kd6 45. Bf1 Nc6 $11 (45... Kc6 $11 {Ribli}) 46. Kc3 Nxa5 47. Bxa6 {
Der weiße Freibauer hat keinen Wert, weil der weiße König ihn nicht
unterstützen kann.Ribli.} Ke5 48. Bf1 f5 49. Bg2 g4 (49... f4 $11 {Ribli}) 50.
Bf1 Kf6 51. Bb5 Kg5 52. Be8 {Zum ersten mal in dieser Partie muß Weiss sich
verteidigen. Aber die Stellung bleibt gleich.Ribli.} Kf6 53. Kd3 Ke5 54. Bb5
Kd5 55. Bd7 Ke5 56. Bc8 Kf6 57. Ba6 Ke5 (57... Kg5 $6 {Ribli} 58. Ke3 Kxh5 59.
Kf4 Kg6 60. Bc8 $16) 58. Ke3 Nc6 1/2-1/2

[Event "Chicago op 26th"]
[Site "Chicago"]
[Date "2017.05.29"]
[Round "9"]
[White "Belous, Vladimir"]
[Black "Brown, Michael William"]
[Result "1/2-1/2"]
[WhiteElo "2587"]
[BlackElo "2489"]
[Annotator "Belous,V"]
[PlyCount "59"]
[EventDate "2017.05.25"]
[EventType "swiss"]
[EventRounds "9"]
[EventCountry "USA"]
[SourceTitle "CBM 179"]
[Source "ChessBase"]
[SourceDate "2017.07.12"]
[SourceVersion "1"]
[SourceVersionDate "2017.07.12"]
[SourceQuality "1"]

1. Nf3 Nf6 2. c4 e6 3. g3 d5 4. Bg2 Be7 5. O-O O-O 6. d4 dxc4 7. Qc2 a6 8. Rd1
$5 {A very rare move. The idea of this move is to sacrifice a pawn and to play
against the weak c5-square} b5 9. Ne5 Nd5 (9... Ra7 $6 10. a4 $14) 10. b3 Bb7
$5 {A very good move for equalising.} ({The main line is} 10... cxb3 11. axb3
Bb7 12. Ba3 a5 13. Bxe7 Qxe7 14. Qd2 $44) 11. bxc4 Nb4 12. Qc3 $1 {The best
square for the queen.} (12. Qb3 Bxg2 13. Kxg2 N8c6 $1 (13... bxc4 14. Qxc4 c5
$11) 14. c5 Bf6 $15 {Black controls critical squares and has better
development.}) (12. Qd2 Bxg2 13. Kxg2 Nd7 $11) 12... Bxg2 13. Kxg2 c5 (13...
N8c6 14. Nf3 Na5 (14... bxc4 15. Ba3 Rb8 16. Qxc4 Na5 17. Qc1 $14) 15. Nbd2
Nbc6 16. Bb2 $14) (13... N4c6 14. Qf3 Nxe5 15. Qxa8 Nxc4 16. Qf3 c5 $44 {
For a human this position is impossible to understand, but the computer shows
good compensation for Black.}) 14. Bb2 $1 (14. a3 N4c6 15. Qf3 (15. Nxc6 Nxc6
$17) 15... Nxe5 16. Qxa8 Nxc4 17. e3 Qc7 18. Qf3 Nc6 19. dxc5 Bxc5 $17) (14.
Qf3 $2 Nd7 $17) 14... Bf6 $1 {Black puts his bishop in line with White's
bishop.} (14... cxd4 15. Rxd4 Qc8 16. Nf3 f6 17. Re4 $40) 15. Qf3 Nd7 $1 ({
I considered} 15... Ra7 {to be more logical} 16. Na3 $8 Bxe5 17. dxe5 Qb6 18.
Rd6 N8c6 (18... N4c6 19. Rad1 $14) 19. Nb1 $3 {A remarkable idea of my
computer.} bxc4 20. Nd2 Nd5 21. Nxc4 $14) 16. Nxd7 (16. Na3 cxd4 17. Bxd4 Bxe5
18. Bxe5 Nxe5 19. Rxd8 Nxf3 20. Rxa8 Nh4+ 21. gxh4 Rxa8 22. cxb5 axb5 23. Nxb5
Rxa2 $11) (16. Nc3 cxd4 17. Nxd7 {leads to a transposition.}) 16... Qxd7 17.
Nc3 $1 cxd4 18. Ne4 Be5 19. e3 (19. a3 Nc6 20. Nc5 Qc7 21. Rac1 b4 22. axb4
Nxb4 23. Nb3 Rab8 $11) 19... Nc6 $1 {A very solid move, consolidating the
position.} (19... bxc4 20. Bxd4 Qb5 (20... Qd5 21. Rac1 Nd3 22. Bxe5 (22. Rxd3
cxd3 23. Rc5 Bxd4 24. Rxd5 exd5 25. exd4 dxe4 26. Qxe4 d2 27. Qd3 $15) 22... f5
$3 23. Nc5 $3 Qxf3+ (23... Qxc5 24. Rxd3 Qxe5 25. Rxc4 $14) 24. Kxf3 Nxe5+ 25.
Ke2 Rfe8 26. Rd6 $11) 21. Rab1 Bxd4 22. Rxd4 Nd3 $1 23. Nf6+ $1 (23. Rxb5 Ne1+
24. Kf1 Nxf3 $19) 23... Kh8 24. Qe4 Qf5 25. Qxf5 exf5 26. Nd7 Rfd8 27. Rd1 Nb2
28. R1d2 Nd3 $11) 20. Rac1 (20. cxb5 axb5 21. Rac1 Rac8 22. Nc5 Qd6 23. Nb7 Qd7
24. Nc5 $11) 20... b4 (20... Rac8 21. cxb5 axb5 22. Nc5 Qd6 23. Nb7 Qd7 24. Nc5
$11) 21. Nc5 $6 (21. Qh5 f5 22. exd4 fxe4 23. dxe5 Qa7 24. c5 Rf3 25. Qg4 $15)
(21. Bxd4 $5 Bxd4 22. exd4 Nxd4 23. Nf6+ gxf6 24. Qg4+ Kh8 25. Rxd4 Qc6+ 26.
Qf3 $11 {White should be fine.}) 21... Qc7 22. exd4 Nxd4 23. Bxd4 Bxd4 24. Nxa6
$8 Rxa6 25. Rxd4 Qc5 $1 {A very strong move.} (25... Rxa2 {gives White
sufficient compensation after} 26. c5 Ra3 27. Qe4 b3 28. Rb4 Rb8 29. c6 $11)
26. Rd2 Ra3 27. Qe4 g6 28. h4 h5 29. Rcc2 Rc8 30. Rd3 {Black is slightly
better, but there is nothing concrete.} 1/2-1/2

[Event "Moscow"]
[Site "Moscow"]
[Date "1981.04.??"]
[Round "9"]
[White "Andersson, Ulf"]
[Black "Karpov, Anatoly"]
[Result "1/2-1/2"]
[WhiteElo "2610"]
[BlackElo "2690"]
[Annotator "Belov,I"]
[PlyCount "39"]
[EventDate "1981.04.08"]
[EventType "tourn"]
[EventRounds "13"]
[EventCountry "URS"]
[EventCategory "15"]
[SourceTitle "MCL"]
[Source "ChessBase"]
[SourceDate "1999.07.01"]
[SourceVersion "1"]
[SourceVersionDate "1999.07.01"]
[SourceQuality "1"]

1. Nf3 Nf6 2. c4 e6 3. g3 d5 4. d4 Be7 5. Bg2 O-O 6. O-O dxc4 7. Qc2 a6 8. Qxc4
b5 9. Qc2 Bb7 10. Bg5 (10. Bd2 $5) 10... Nbd7 (10... Nc6 11. Rd1 Nb4 12. Qc1
Rc8 13. Bxf6 Bxf6 14. a3 Nd5 15. e4 Nb6 16. Nc3 Qe8 17. b4 $14 {Quinteros,
M-Velimirovic,D/Moscow(izt)/1982/Inf 34/(580)/}) 11. Bxf6 (11. Nbd2 Rc8 $10 (
11... c5 12. dxc5 Nxc5 13. Bxf6 gxf6 14. Rfd1 Qb6 15. Nd4 Bxg2 16. Kxg2 f5 17.
Rac1 Rad8 18. N2f3 Rd5 19. b4 $1 $16 {Van der Sterren,P-Renet,O/Lyons(zt)/1990/
})) 11... Nxf6 12. Nbd2 Rc8 13. Nb3 Be4 (13... c5 14. dxc5 Bd5 (14... a5 15. a4
Be4 16. Qc3 b4 17. Qe3 Bd5 18. Rfd1 Qc7 $10 {Andersson,U-Petursson,M/Reggio
Emilia/1989/0:1 (50) Inf 49/574/}) 15. Rfd1 Qc7 (15... Bxb3 16. Qxb3 Qc7 17. a4
Qxc5 18. axb5 axb5 19. Nd4 b4 20. e3 Rfd8 21. Rd2 Qb6 $10 {Kasparov,G-Karpov,
An/London_Leningrad(m/20)/1986/}) 16. Ne1 Bxb3 17. Qxb3 Qxc5 18. Nd3 Qb6 $10 {
Andersson,U-Georgiev,Kir/Novi Sad(ol)/1990/0,5 (25)/}) 14. Qc3 (14. Qc1 c5 15.
dxc5 Qc7 16. Qf4 Qxf4 17. gxf4 Bxc5 $10 {Razuvaev,Y-Huebner,R/URS-World/1984/
Inf 37/(551)/}) 14... Nd5 (14... Qd5 15. Rfc1 Bd6 16. Nc5 Bxc5 17. Qxc5 Qxc5
18. Rxc5 Nd7 19. Rc3 c5 20. dxc5 Rxc5 21. Rxc5 Nxc5 22. Rc1 $14 {Larsen,
B-Hansen,Cu/Copenhagen/1985/}) (14... Bd5 15. Rfd1 Ne4 16. Qe3 c5 17. Ne5 cxd4
18. Nxd4 Nf6 19. Nec6 $14 {Razuvaev,Y-Geller,E/Moscow/1987/}) 15. Qc1 (15. Qd2
Bb4 16. Qd1 c5 17. dxc5 Bxc5 18. Nxc5 Rxc5 19. Rc1 Qc7 20. Rxc5 Qxc5 $10 {
Dlugy,M-de Firmian,N/New York/1985/}) 15... c5 16. Nxc5 Qb6 17. Qd2 Bxc5 18.
dxc5 Rxc5 $10 19. Rfc1 Rfc8 20. Rxc5 (20. Rxc5 Qxc5 21. Ne1 $1 {>< c2/} Bxg2
22. Kxg2 Qe7 $10) 1/2-1/2

[Event "Moscow"]
[Site "Moscow"]
[Date "1981.04.??"]
[Round "5"]
[White "Beliavsky, Alexander G"]
[Black "Geller, Efim P"]
[Result "1/2-1/2"]
[WhiteElo "2620"]
[BlackElo "2615"]
[Annotator "Belov,I"]
[PlyCount "43"]
[EventDate "1981.04.08"]
[EventType "tourn"]
[EventRounds "13"]
[EventCountry "URS"]
[EventCategory "15"]
[SourceTitle "MCL"]
[Source "ChessBase"]
[SourceDate "1999.07.01"]
[SourceVersion "1"]
[SourceVersionDate "1999.07.01"]
[SourceQuality "1"]

1. d4 d5 2. c4 e6 3. Nf3 Nf6 4. g3 Be7 5. Bg2 O-O 6. O-O dxc4 7. Ne5 (7. Qc2 $5
) 7... Nc6 $5 (7... c5 8. dxc5 Qc7 9. Nxc4 Qxc5 10. b3 $14) 8. Nxc6 bxc6 9. Na3
(9. Bxc6 Rb8 10. Nc3 Nd5 11. e4 Nb4 12. Bb5 Nd3 $1 13. Be3 Bb4 14. a4 a6 15.
Bxc4 Nxb2 $1 {Eriksson,Mag-Ernst,Th/Lindesberg/1993/0,5 (25) Inf 58/(528)/})
9... Bxa3 10. bxa3 Ba6 (10... Nd5 11. Qa4 Nb6 12. Qxc6 Rb8 13. Qc5 Ba6 14. Bf4
Nd5 15. Qxa7 Nxf4 16. gxf4 Qd6 17. Rfc1 Rb2 $10 {Sveshnikov,E-Balashov,Y/URS/
1979/}) 11. Bxc6 (11. Qa4 $5) 11... Rb8 12. Qa4 Rb6 (12... Qc8 13. Bf3 Nd7 14.
Bf4 Rb6 15. Rfd1 $14 {Chekhov,V-Zaid,L/Baku/1979/}) 13. Bf3 (13. Bg2 Qc8 14.
Qa5 $10) (13. Bd2 Qd6 14. Bf3 Nd5 15. Rfb1 Rfb8 16. Rxb6 Qxb6 $10 {Ribli,
Z-Balashov,Y/Dortmund/1987/Inf 43/(609)/}) 13... Nd5 $1 14. Qa5 (14. e4 Qf6 $1
15. Kg2 Qxd4 16. Bg5 Qe5 $13) 14... c3 (14... f5 $5 15. e4 $140 fxe4 16. Bxe4
c3 17. Re1 Qf6 $36) 15. Re1 Qf6 {>< d4/} (15... f5 $6 16. Bxd5 Qxd5 17. Qxc3
Rc6 18. Qd2 $14) 16. Bxd5 (16. Qc5 Rb5 17. Qc6 Rb6 $10) 16... exd5 17. Qxc3 (
17. Qxd5 Rd8) 17... Rc6 $10 18. Qb3 (18. Qd2 Rb8 19. Bb2 Rc4 $10) 18... Qxd4
19. Be3 Qe4 20. Rad1 Rc4 21. Bxa7 c6 (21... c5 $5 $13) 22. Qe3 1/2-1/2

[Event "St Petersburg zt"]
[Site "St Petersburg"]
[Date "1993.??.??"]
[Round "1"]
[White "Budnikov, Alexandar"]
[Black "Pigusov, Evgeny"]
[Result "0-1"]
[WhiteElo "2520"]
[BlackElo "2575"]
[Annotator "Belov,I"]
[PlyCount "100"]
[EventDate "1993.01.??"]
[EventType "swiss"]
[EventRounds "9"]
[EventCountry "RUS"]
[SourceTitle "CBM 034"]
[Source "ChessBase"]
[SourceDate "1993.06.01"]
[SourceVersion "1"]
[SourceVersionDate "1993.06.01"]
[SourceQuality "1"]

1. d4 Nf6 2. Nf3 e6 3. c4 d5 4. g3 Be7 5. Bg2 O-O 6. O-O dxc4 7. Qc2 a6 8. Qxc4
b5 9. Qc2 Bb7 10. Bd2 Nc6 (10... Be4 11. Qc1 Nbd7 12. Ba5 Rc8 13. Nbd2 Ba8 14.
Qc2 Qe8 15. b4 Nd5 16. a3 f5 $10 {Galdunts-Vaganian,R/Moscow/1991/}) (10...
Nbd7 11. Ba5 Bd6 $6 $146 (11... Ra7 $142 12. Nbd2 Qa8 $10) 12. Nbd2 Qc8 13. e4
e5 14. Bh3 Qe8 15. Rfe1 c5 16. d5 $16 {Shipov-Litinskaja Shul/Katowice/1993/})
11. e3 Ra7 (11... Nb4 12. Bxb4 Bxb4 13. a3 Bd6 14. Nbd2 Rc8 $10 {ECO}) 12. Rc1
Qa8 13. Ne1 Nb8 14. Bxb7 $5 $146 (14. Ba5 Rc8 15. Nd2 (15. Bb6 $5 Bxg2 16. Nxg2
Rb7 17. Bc5 $14) 15... Bxg2 16. Nxg2 c5 $8 17. Bb6 Rd7 18. Bxc5 a5 19. a4 b4
20. Nf4 Rdc7 21. Nd3 Nbd7 22. Qc4 {Timman,J-Short,N/Hilversum m-1/1989/} e5 $1
23. Nb3 Ne4 {/\ Ng5~/=; Timman}) 14... Rxb7 15. Nd3 Rc8 16. Be1 (16. Ba5 $5 b4
17. Nd2 (17. a3 $5 b3 (17... bxa3 18. Nxa3 $14) 18. Qc4 $14) 17... Rb5 18. Nb3
Qd5 19. Nf4 Qb7 20. Qc4 $13) 16... a5 $1 17. Nd2 a4 $10 18. b3 Ra7 19. Rab1 (
19. bxa4 Rxa4 (19... bxa4 $6 20. Rab1 Nbd7 21. Qc6 $16) 20. Nb3 Ba3 21. Rd1 Rc4
22. Qe2 Nbd7 23. Rab1 $13) 19... axb3 20. axb3 Ra2 (20... Nbd7 21. Qc6 $14) 21.
Rb2 Rxb2 22. Qxb2 Nbd7 23. Qc2 c6 $1 (23... c5 $2 24. dxc5 Nxc5 25. b4 $18) 24.
f3 (24. Nc5 Bxc5 25. dxc5 Ne5 $1 $15) 24... Qb8 {/\ 25...e5} (24... c5 $6 25.
Bf2 (25. dxc5 $6 Bxc5 26. Bf2 Rc7 27. Kg2 Bb6 28. Qb1 Rxc1 29. Qxc1 Nd5 $15)
25... Rc7 26. e4 $16) 25. f4 Nd5 26. Bf2 Ba3 27. Ra1 Bf8 28. Ne4 Nb4 29. Nxb4
Bxb4 30. Be1 Be7 31. Rc1 Qb7 $5 $15 {/\ 32...f5 33.Nf2 c5} (31... Ba3 32. Ra1
Be7 $10) 32. g4 $6 (32. b4 $142 $15) 32... h6 33. h4 c5 $1 34. dxc5 (34. Bb4 f5
35. gxf5 exf5 36. Nxc5 (36. Ng3 g6 $17) 36... Qf3 37. Qf2 Qg4+ 38. Qg2 Nf6 $17)
34... Bxc5 35. Bf2 Rc7 36. Qd3 (36. Nxc5 Rxc5 37. Qd1 Rxc1 38. Qxc1 Nf6 39. g5
Ng4 40. Qd1 h5 $17) 36... b4 $17 37. g5 $17 Be7 38. Rd1 (38. Rxc7 $142 Qxc7 39.
gxh6 gxh6 $17) 38... Nb6 39. Ng3 Rd7 40. Qe2 hxg5 41. hxg5 Rxd1+ 42. Qxd1 Nd5
43. Qc2 (43. Qf3 Qc7 44. Ne2 Qc2 45. e4 (45. Nd4 Qb1+ 46. Kh2 Bc5 $19) 45...
Nc3 $19) 43... Nc3 44. Qd3 g6 45. e4 Qc7 46. Be3 $2 Bxg5 47. e5 Be7 48. Bd2
Qa7+ 49. Kf1 Qa1+ 50. Kg2 Qd1 0-1

[Event "Ciocaltea Memorial"]
[Site "Bucharest"]
[Date "1993.??.??"]
[Round "?"]
[White "Marin, Mihail"]
[Black "Marciano, David"]
[Result "1-0"]
[WhiteElo "2515"]
[BlackElo "2430"]
[Annotator "Belov,I"]
[PlyCount "71"]
[EventDate "1993.02.??"]
[EventType "tourn"]
[EventRounds "15"]
[EventCountry "ROU"]
[EventCategory "10"]
[SourceTitle "CBM 034"]
[Source "ChessBase"]
[SourceDate "1993.06.01"]
[SourceVersion "1"]
[SourceVersionDate "1993.06.01"]
[SourceQuality "1"]

1. d4 d5 2. Nf3 Nf6 3. g3 e6 4. Bg2 Be7 5. O-O O-O 6. c4 dxc4 7. Qc2 a6 8. Qxc4
b5 9. Qc2 Bb7 10. Bd2 Nc6 11. e3 Nb4 (11... Ra7 {Budnikov-Pigusov,S/Peterburg/
1993/}) 12. Bxb4 Bxb4 13. a3 (13. Nbd2 c5 $1 $10) 13... Be7 $5 $146 (13... Bd6
14. Nbd2 Rc8 (14... Qb8 15. Rac1 Rc8 16. Ng5 $1 $16 {Orlov-Vaganian,V/New York/
1990/}) (14... Qe7 15. e4 e5 16. Nh4 g6 17. f4 $16 {Pigusov-Rozentalis/
Sevastopol/1986/}) 15. b4 a5 $1 16. e4 Be7 17. Rab1 axb4 18. axb4 Ra8 19. Rfe1
Ra4 $10 {Beliavsky,A-Karpov,An/Bruxelles/1988/}) 14. Nbd2 Rc8 15. b4 a5 16. Ne5
(16. Qb2 $5 axb4 17. axb4 Bd5 18. Rfc1 Ra8 19. Ne5 $14) 16... Bxg2 17. Kxg2 c6
$1 $10 18. Nd3 (18. Rfc1 axb4 (18... Qd5+ $1 19. Kg1 axb4 20. axb4 Bxb4 $15)
19. Nxc6 (19. axb4 Bxb4 20. Nxc6 Qd7 $13) 19... Rxc6 20. Qxc6 bxa3 21. Qxb5 $16
) 18... axb4 19. axb4 Nd5 20. Qb3 Ra8 $1 21. Rfc1 Qb6 22. Nf3 {/\ Ne5} Qb7 $1
23. Kg1 Rxa1 24. Rxa1 Ra8 25. Ra3 Nxb4 $2 (25... Rxa3 26. Qxa3 g6 $10) 26. Nxb4
c5 27. dxc5 Qxf3 (27... Rxa3 28. Qxa3 Qxf3 29. Qa7 Bf8 30. Qd7 $1 Qe4 31. Nc6
$16) 28. Nd5 $3 $16 Re8 (28... Rxa3 29. Nxe7+ Kf8 30. Qxa3 Kxe7 31. c6+ $18) (
28... Qxd5 29. Qxd5 Rxa3 30. Qe5 $1 b4 31. Qb8+ Bf8 32. c6 $18) 29. Nxe7+ Rxe7
30. Qxb5 Qd1+ 31. Kg2 Qd5+ 32. Kg1 Qd1+ 33. Qf1 Qd5 $142 $6 (33... Qxf1+ 34.
Kxf1 f6 35. Ke2 Rc7 36. Rc3 Kf7 $16) 34. Qd3 $1 Qc6 35. Qd6 Qxd6 (35... Qe8 36.
Rb3 $18) 36. Ra8+ 1-0

[Event "YUG-chT"]
[Site "Tivat"]
[Date "1995.??.??"]
[Round "8"]
[White "Beliavsky, Alexander G"]
[Black "Shneider, Aleksandr"]
[Result "1/2-1/2"]
[WhiteElo "2650"]
[BlackElo "2530"]
[Annotator "Belov,I"]
[PlyCount "72"]
[EventDate "1995.??.??"]
[EventType "team-swiss"]
[EventRounds "11"]
[EventCountry "YUG"]
[SourceTitle "CBM 048 Extra"]
[Source "ChessBase"]
[SourceDate "1995.11.01"]
[SourceVersion "1"]
[SourceVersionDate "1995.11.01"]
[SourceQuality "1"]

1. d4 Nf6 2. c4 e6 3. g3 d5 4. Nf3 Be7 5. Bg2 O-O 6. O-O dxc4 7. Qc2 a6 8. a4
Bd7 9. Qxc4 Bc6 10. Bg5 a5 11. Nc3 Na6 12. Bxf6 $5 (12. Rac1 Nb4 13. Rfd1 (13.
Bxf6 Bxf6 14. e4 b6 15. Rfd1 Bb7 16. d5 exd5 17. exd5 Ba6 18. Qb3 Nd3 $10 {
Hjartarson,J-Rozentalis,E/Tilburg 10'/1994/0,5/36/}) 13... Rc8 14. Bxf6 (14.
Ne5 Bd5 15. Nxd5 exd5 $10 {Stohl,I-Rozentalis,E/GER/1994/0,5/19/}) 14... Bxf6
15. e4 b6 16. e5 (16. d5 $5 $14 {Kaidanov/}) 16... Be7 17. Ne1 Bxg2 18. Nxg2
Qd7 $10 {Kaidanov,G-Dautov,R/URS/1989/0,5/44/}) (12. e3 Nb4 13. Rfd1 Bd5 (13...
h6 14. Bxf6 Bxf6 15. Rac1 Bxf3 16. Bxf3 c6 17. h4 Qb6 $10 {Bareev,E-Shneider,A/
Kremlin Star 25'/1995/0,5/66/}) 14. Qe2 Ne4 15. Bxe7 Qxe7 16. Rdc1 Nd6 $10 {
Nogueiras,J-Beliavsky,A/Novi Sad olm/1990/0,5/50/}) (12. Rfd1 Nb4 13. Rac1 Rc8
14. e3 h6 15. Bxf6 Bxf6 16. Qe2 Qe7 $10 {Gavrikov,V-Khalifman,A/URS-ch/1986/0,
5/28/}) 12... Bxf6 13. e4 Nb4 14. Rfd1 b6 15. Ne1 (15. Rac1 Rc8 16. d5 (16. e5
Be7 17. Ne1 Bxg2 18. Nxg2) 16... exd5 17. exd5 Bb7 18. Nd4 $14) 15... g6 $6 (
15... Rc8 $32) 16. e5 Bxg2 17. Nxg2 Bg7 (17... Be7 $5) 18. Ne3 $14 Qe7 (18...
c6 $6 19. Qe2 Qe7 20. Nc4 $16) 19. Rac1 (19. f4 $5 Rfd8 (19... c6 20. Qe2 Rfd8
21. Nc4 $16) 20. d5 exd5 21. Ncxd5 Nxd5 22. Nxd5 Qe6 23. Rac1 $14) 19... Rfd8
20. Ne4 (20. f4 $5) 20... Rd7 21. g4 h6 22. f4 Qh4 $132 23. Qe2 Qd8 (23... Rad8
$5) 24. Qf3 Nd5 25. Nc4 (25. Ng2 Qe7 (25... Nb4 26. Qf2) 26. h4 Rad8 27. g5 $36
) 25... Qh4 26. Rd2 Rad8 27. Rf1 g5 $1 (27... Ne7 $6 28. Ne3 Rxd4 $140 29. Rxd4
Rxd4 30. Ng2 $18) 28. fxg5 (28. f5 Nf4 29. f6 Bf8 $132) 28... hxg5 29. Rfd1 Nf4
30. b3 $6 (30. Ng3 $13) 30... Rxd4 $1 31. Rxd4 Rxd4 32. Nf2 (32. Rxd4 Qe1+ 33.
Qf1 Ne2+ 34. Kg2 Qxf1+ 35. Kxf1 Nxd4 36. Ned2 $17) 32... Rxd1+ (32... Rd5 33.
Ne3 (33. Rxd5 Nxd5 $17) 33... Rxd1+ 34. Qxd1 $132) 33. Qxd1 $132 Nh3+ 34. Nxh3
Qxh3 35. Qd8+ Bf8 36. Qxg5+ Kh7 (36... Kh7 37. Qf4 Kg8 38. Qg5+ $10) 1/2-1/2